| 000 | 00696nam a2200253Ia 4500 | ||
|---|---|---|---|
| 003 | OSt | ||
| 005 | 20220916110925.0 | ||
| 006 | a|||||r|||| 00| 0 | ||
| 007 | ta | ||
| 008 | 220915b |||||||| |||| 00| 0 hin d | ||
| 024 | _a182753 | ||
| 037 | _cTextbook | ||
| 040 |
_bhin _aARTS _cARTS |
||
| 041 | _ahin | ||
| 082 | _aO152,6N021x, H8 | ||
| 100 | _aजोशी, इलाचंद्र | ||
| 245 | 0 | _aविवेचना | |
| 246 | _aVivechanā | ||
| 250 | _aसंस्क0 2 | ||
| 260 | _c1948 | ||
| 650 | _aहिन्दी साहित्य | ||
| 942 |
_hO152,6N021x, H8 _cTB _2CC |
||
| 999 |
_c101522 _d101522 |
||